| 000 | 00599nam a2200205 a 4500 | ||
|---|---|---|---|
| 005 | 20240924070126.0 | ||
| 008 | 991125s2000 bar 000 0 spa u | ||
| 020 | _a9688670375 | ||
| 035 | _aUPN01000129436 | ||
| 049 | _aCG | ||
| 050 | 4 |
_aJC11 _bK4.38a 2000 |
|
| 100 | 1 |
_aKelsen, Hans, _d1881-1973 _928569 |
|
| 245 | 1 | 0 |
_aCompendio de teoría general del Estado / _cHans Kelsen ; estudio prel. y tr. de Luis Recasens Siches. |
| 250 | _a2a ed. | ||
| 260 |
_aMéxico : _bColofón, _c2000. |
||
| 300 | _a235 p. | ||
| 650 | 4 |
_aEstado _96019 |
|
| 650 | 4 |
_aCiencias políticas _96023 |
|
| 905 | _aLibro | ||
| 999 |
_c101608 _d101608 |
||